[Event "FIDE World Youth U16 Chess Olympiad SLOVAKIA 2016"]
[Site "Poprad Tatry SLOVAKIA"]
[Date "2016.07.29"]
[Round "9"]
[Board "3"]
[White "Pribelszky, Bence"]
[Black "Moller, Sophus Mechlenburg"]
[Result "0-1"]
[WhiteElo "2162"]
[BlackElo "2142"]
[PlyCount "78"]
[EventDate "2016.07.22"]
[EventType "team"]
[EventRounds "9"]
[EventCountry "SVK"]
[WhiteTeam "Hungary 2"]
[BlackTeam "Denmark"]

1. e4 c5 2. Nf3 d6 3. d4 cxd4 4. Nxd4 Nf6 5. Nc3 g6 6. Be3 Bg7 7. f3 Nc6 8. Qd2
O-O 9. g4 Be6 10. Nxe6 fxe6 11. O-O-O Ne5 12. Be2 Qc8 13. h4 Nfd7 14. f4 Nc4
15. Bxc4 Qxc4 16. e5 Rad8 17. exd6 Nf6 18. Rdg1 exd6 19. Qe2 Qxe2 20. Nxe2 Nd5
21. Bd2 b5 22. Rf1 Rf7 23. Ng3 Rdf8 24. f5 exf5 25. gxf5 gxf5 26. Nh5 f4 27.
Rhg1 Kh8 28. Rg5 Be5 29. Rf3 h6 30. Rg6 Kh7 31. Re6 Rf5 32. Nxf4 Nxf4 33. Re7+
R8f7 34. Rxf7+ Rxf7 35. Kd1 Kg6 36. b3 Kh5 37. Be1 Rf6 38. c4 bxc4 39. bxc4 Ng2
 0-1

[Event "FIDE World Youth U16 Chess Olympiad SLOVAKIA 2016"]
[Site "Poprad Tatry SLOVAKIA"]
[Date "2016.07.29"]
[Round "9"]
[Board "4"]
[White "Kristensen, Bjarke Hautop"]
[Black "Kovacs, Judit"]
[Result "0-1"]
[WhiteElo "2124"]
[BlackElo "2114"]
[PlyCount "100"]
[EventDate "2016.07.22"]
[EventType "team"]
[EventRounds "9"]
[EventCountry "SVK"]
[WhiteTeam "Denmark"]
[BlackTeam "Hungary 2"]

1. d4 d5 2. c4 c6 3. Nf3 Nf6 4. Nc3 a6 5. c5 g6 6. h3 Bg7 7. Bf4 Nbd7 8. e3 O-O
9. Be2 Re8 10. O-O Ne4 11. Nxe4 dxe4 12. Ne5 Bxe5 13. Bxe5 Nxe5 14. dxe5 Qc7
15. Qd4 Bf5 16. Bc4 h5 17. Rfd1 h4 18. Qc3 Qc8 19. Qb3 Rf8 20. Rd4 g5 21. Rad1
a5 22. a4 Kg7 23. e6 Bxe6 24. Bxe6 Qxe6 25. Qxe6 fxe6 26. Rd7 Rab8 27. Rxe7+
Kf6 28. Rdd7 b6 29. cxb6 Rxb6 30. Rh7 Rxb2 31. Ra7 Rc2 32. Rh6+ Ke5 33. Rxa5+
c5 34. Rg6 Kf5 35. Rh6 Rc1+ 36. Kh2 Rd8 37. f4 Rdd1 38. g4+ hxg3+ 39. Kxg3 Rg1+
40. Kf2 gxf4 41. exf4 Kxf4 42. Rh4+ Ke5 43. Rxc5+ Rxc5 44. Kxg1 Kd4 45. Kf1 Kd3
46. Rh8 Rc1+ 47. Kg2 e3 48. Rd8+ Ke4 49. Re8 e5 50. Rb8 e2 0-1

[Event "FIDE World Youth U16 Chess Olympiad SLOVAKIA 2016"]
[Site "Poprad Tatry SLOVAKIA"]
[Date "2016.07.29"]
[Round "9"]
[Board "1"]
[White "Macovei, Andrei"]
[Black "Stefansson, Vignir Vatnar"]
[Result "1-0"]
[WhiteElo "2396"]
[BlackElo "2171"]
[PlyCount "54"]
[EventDate "2016.07.22"]
[EventType "team"]
[EventRounds "9"]
[EventCountry "SVK"]
[WhiteTeam "Moldova"]
[BlackTeam "Iceland"]

1. e4 d5 2. exd5 Qxd5 3. Nc3 Qd6 4. d4 c6 5. Nf3 Bg4 6. Bc4 Nf6 7. Be3 e6 8. h3
Bh5 9. Qe2 Nbd7 10. g4 Bg6 11. Ne5 Nxe5 12. dxe5 Qxe5 13. f4 Qc7 14. f5 exf5
15. O-O-O Be7 16. Bc5 Kf8 17. Qe3 b6 18. Bxe7+ Qxe7 19. Qf4 fxg4 20. Rhe1 Qc5
21. hxg4 h6 22. Re5 Nd5 23. Nxd5 cxd5 24. Rexd5 Qe7 25. Rd7 Qf6 26. Rf1 Rc8 27.
Bxf7 Rxc2+ 1-0

[Event "FIDE World Youth U16 Chess Olympiad SLOVAKIA 2016"]
[Site "Poprad Tatry SLOVAKIA"]
[Date "2016.07.29"]
[Round "9"]
[Board "2"]
[White "Birkisson, Bardur Orn"]
[Black "Schitco, Ivan"]
[Result "0-1"]
[WhiteElo "2048"]
[BlackElo "2148"]
[PlyCount "78"]
[EventDate "2016.07.22"]
[EventType "team"]
[EventRounds "9"]
[EventCountry "SVK"]
[WhiteTeam "Iceland"]
[BlackTeam "Moldova"]

1. d4 d5 2. Bf4 Nf6 3. e3 c5 4. c3 Nc6 5. Nd2 e6 6. Ngf3 Bd6 7. Bg3 O-O 8. Bd3
Qe7 9. Ne5 Bxe5 10. dxe5 Nd7 11. Nf3 f6 12. exf6 Nxf6 13. Ne5 Nxe5 14. Bxe5 Bd7
15. O-O Bc6 16. Qc2 g6 17. c4 Nd7 18. Bc3 Qf7 19. b3 d4 20. exd4 Bxg2 21. Kxg2
Qf3+ 22. Kg1 Qg4+ 23. Kh1 Qf3+ 24. Kg1 Rf4 25. Rfe1 Raf8 26. Be4 Rg4+ 27. Kf1
Qh3+ 28. Ke2 Rxf2+ 29. Kxf2 Qxh2+ 30. Ke3 Rg3+ 31. Bf3 Qxc2 32. Rac1 Qf5 33.
Rf1 cxd4+ 34. Bxd4 g5 35. Ke2 g4 36. Bxb7 Qd3+ 37. Kf2 Rh3 38. Rfd1 Rh2+ 39.
Kg1 Rd2 0-1

[Event "FIDE World Youth U16 Chess Olympiad SLOVAKIA 2016"]
[Site "Poprad Tatry SLOVAKIA"]
[Date "2016.07.29"]
[Round "9"]
[Board "3"]
[White "Cojocari, Dmitri"]
[Black "Birkisson, Bjorn Holm"]
[Result "1/2-1/2"]
[WhiteElo "2051"]
[BlackElo "1977"]
[PlyCount "84"]
[EventDate "2016.07.22"]
[EventType "team"]
[EventRounds "9"]
[EventCountry "SVK"]
[WhiteTeam "Moldova"]
[BlackTeam "Iceland"]

1. e4 c5 2. c3 Nf6 3. e5 Nd5 4. Bc4 e6 5. Nf3 Nc6 6. O-O d6 7. exd6 Bxd6 8.
Bxd5 exd5 9. Re1+ Be6 10. d4 O-O 11. dxc5 Bxc5 12. Be3 Bxe3 13. Rxe3 Qb6 14.
Qd2 Rad8 15. Nd4 Nxd4 16. cxd4 Rfe8 17. Nc3 f6 18. Rae1 Qc6 19. Qe2 Bf7 20. Qb5
Rxe3 21. Rxe3 Qxb5 22. Nxb5 a6 23. Nc3 Kf8 24. f4 Re8 25. Kf2 Rxe3 26. Kxe3 Ke7
27. f5 Kd6 28. Kf4 Be8 29. g4 h6 30. h4 Bd7 31. Ne2 Bb5 32. Ng3 Be8 33. g5
hxg5+ 34. hxg5 Ke7 35. Nf1 Kd6 36. Ne3 Bh5 37. g6 Be2 38. Ng2 Bd3 39. Ne3 b6
40. Ng4 Ke7 41. Nf2 Bc2 42. Ng4 Bd3 1/2-1/2

[Event "FIDE World Youth U16 Chess Olympiad SLOVAKIA 2016"]
[Site "Poprad Tatry SLOVAKIA"]
[Date "2016.07.29"]
[Round "9"]
[Board "4"]
[White "Heimisson, Hilmir Freyr"]
[Black "Martinovici, Ilie"]
[Result "0-1"]
[WhiteElo "1974"]
[BlackElo "2097"]
[PlyCount "110"]
[EventDate "2016.07.22"]
[EventType "team"]
[EventRounds "9"]
[EventCountry "SVK"]
[WhiteTeam "Iceland"]
[BlackTeam "Moldova"]

1. d4 d5 2. c4 c6 3. Nc3 Nf6 4. Nf3 a6 5. c5 g6 6. Bf4 Bg7 7. g3 O-O 8. Bg2
Nbd7 9. O-O Nh5 10. Bc1 Re8 11. e3 Qc7 12. b4 a5 13. Qb3 axb4 14. Qxb4 e5 15.
Bb2 e4 16. Nd2 f5 17. a4 g5 18. f3 Ndf6 19. f4 Ng4 20. Nd1 gxf4 21. gxf4 Kh8
22. h3 Ngf6 23. Rf2 Bh6 24. Kf1 Bxf4 25. exf4 e3 26. Nxe3 Rxe3 27. Ra3 Qe7 28.
Kg1 Re1+ 29. Nf1 Bd7 30. Bc3 Re2 31. Rxe2 Qxe2 32. Qb2 Nxf4 33. Ra2 Qe7 34.
Qxb7 Rg8 35. Kh2 Qg7 36. Qb2 Ne4 37. Be1 Nd3 38. Qb1 Ndf2 39. Rxf2 Nxf2 40. Ne3
Qg3+ 41. Kg1 Nxh3+ 42. Kh1 Qxe3 43. Bh4 Qh6 44. Qe1 Ng5 45. Qe5+ Qg7 46. Bg3
Nf7 47. Qxg7+ Kxg7 48. a5 Ra8 49. Bc7 Nd8 50. Bf1 Ne6 51. Bb6 Bc8 52. Be2 Nxd4
53. Bd1 f4 54. Kg2 Bf5 55. Ba4 Bc2 0-1

[Event "FIDE World Youth U16 Chess Olympiad SLOVAKIA 2016"]
[Site "Poprad Tatry SLOVAKIA"]
[Date "2016.07.29"]
[Round "9"]
[Board "1"]
[White "Livaic, Leon"]
[Black "Riess, Alexander"]
[Result "1-0"]
[WhiteElo "2447"]
[BlackElo "2208"]
[PlyCount "57"]
[EventDate "2016.07.22"]
[EventType "team"]
[EventRounds "9"]
[EventCountry "SVK"]
[WhiteTeam "Croatia"]
[BlackTeam "Germany 2"]

1. d4 Nf6 2. c4 g6 3. Nc3 d5 4. cxd5 Nxd5 5. e4 Nxc3 6. bxc3 Bg7 7. Bb5+ c6 8.
Ba4 O-O 9. Ne2 c5 10. O-O cxd4 11. cxd4 Nc6 12. Be3 Bg4 13. f3 Bd7 14. Rc1 b5
15. Bb3 Na5 16. d5 Nxb3 17. Qxb3 Qb8 18. Nd4 Re8 19. Rc5 a6 20. Nc6 Qb7 21.
Rfc1 Rac8 22. Qc2 Bf8 23. e5 Qa8 24. h4 Bf5 25. Qc3 Rc7 26. e6 Bg7 27. Bd4
Bxd4+ 28. Qxd4 fxe6 29. g4 1-0

[Event "FIDE World Youth U16 Chess Olympiad SLOVAKIA 2016"]
[Site "Poprad Tatry SLOVAKIA"]
[Date "2016.07.29"]
[Round "9"]
[Board "2"]
[White "Engel, Luis"]
[Black "Muha, Miljenko"]
[Result "1-0"]
[WhiteElo "2276"]
[BlackElo "2257"]
[PlyCount "77"]
[EventDate "2016.07.22"]
[EventType "team"]
[EventRounds "9"]
[EventCountry "SVK"]
[WhiteTeam "Germany 2"]
[BlackTeam "Croatia"]

1. c4 e5 2. g3 Nf6 3. Bg2 d5 4. cxd5 Nxd5 5. Nf3 Nc6 6. O-O Be7 7. d4 exd4 8.
Nxd4 Nxd4 9. Qxd4 Nf6 10. Qa4+ c6 11. Rd1 Bd7 12. Bh3 O-O 13. Bh6 Qb6 14. Bxd7
Qxb2 15. Bd2 b5 16. Qa5 Nxd7 17. Bc3 Qxe2 18. Re1 Qg4 19. Rxe7 Nb6 20. Nd2 Nd5
21. Re4 Qd7 22. Rae1 f5 23. Re6 f4 24. Qa3 Qf7 25. Bd4 f3 26. Bc5 Nf4 27. gxf4
Qxf4 28. Nxf3 Qg4+ 29. Kh1 Rxf3 30. Re8+ Kf7 31. R1e7+ Kg6 32. Qb2 Rf6 33. Qc2+
Kh6 34. Be3+ Kh5 35. Qxh7+ Rh6 36. Re5+ Kh4 37. Qe4 Rxe8 38. Rxe8 Rg6 39. Rh8+
 1-0

[Event "FIDE World Youth U16 Chess Olympiad SLOVAKIA 2016"]
[Site "Poprad Tatry SLOVAKIA"]
[Date "2016.07.29"]
[Round "9"]
[Board "3"]
[White "Tomulic, Teo"]
[Black "Pajeken, Jakob Leon"]
[Result "0-1"]
[WhiteElo "2121"]
[BlackElo "2051"]
[PlyCount "106"]
[EventDate "2016.07.22"]
[EventType "team"]
[EventRounds "9"]
[EventCountry "SVK"]
[WhiteTeam "Croatia"]
[BlackTeam "Germany 2"]

1. e4 e5 2. Nf3 Nc6 3. Bb5 a6 4. Ba4 Nf6 5. O-O Be7 6. Re1 b5 7. Bb3 d6 8. c3
O-O 9. h3 Na5 10. Bc2 c5 11. d4 Qc7 12. Nbd2 cxd4 13. cxd4 Rd8 14. d5 Bd7 15.
Nf1 Rdc8 16. Bd3 Nb7 17. Be3 Nc5 18. Rc1 Qb8 19. Ng3 Nxd3 20. Qxd3 Qb7 21. Nd2
Rxc1 22. Rxc1 Rc8 23. Nb3 Rxc1+ 24. Bxc1 Ne8 25. Bd2 Bd8 26. Bb4 g6 27. Nf1 Qa8
28. Ba5 Be7 29. Nbd2 f5 30. f3 f4 31. Qe2 Bh4 32. Nb3 Qa7+ 33. Kh2 Bf2 34. Be1
Bg1+ 35. Kh1 Bb6 36. g4 a5 37. Kg2 b4 38. Qc4 Nc7 39. Bh4 Kf7 40. Bg5 Bb5 41.
Qc1 a4 42. Na1 Qa6 43. Nc2 Bc5 44. Nd2 Qb7 45. a3 b3 46. Nb4 Bxb4 47. axb4 Na6
48. Qc3 Qc7 49. Nb1 Bd3 50. Qxd3 Qc2+ 51. Qd2 Qxb1 52. Bxf4 a3 53. Bxe5 Qc2 0-1

[Event "FIDE World Youth U16 Chess Olympiad SLOVAKIA 2016"]
[Site "Poprad Tatry SLOVAKIA"]
[Date "2016.07.29"]
[Round "9"]
[Board "4"]
[White "Schulze, Lara"]
[Black "Radenic, Filip"]
[Result "0-1"]
[WhiteElo "2103"]
[BlackElo "2083"]
[PlyCount "104"]
[EventDate "2016.07.22"]
[EventType "team"]
[EventRounds "9"]
[EventCountry "SVK"]
[WhiteTeam "Germany 2"]
[BlackTeam "Croatia"]

1. e4 e6 2. d4 d5 3. Nd2 Nf6 4. e5 Nfd7 5. Bd3 c5 6. c3 b6 7. Ne2 Ba6 8. Bxa6
Nxa6 9. a3 Be7 10. O-O Nab8 11. f4 g6 12. Nf3 h5 13. Qd3 Nc6 14. Ng5 c4 15. Qc2
Bxg5 16. fxg5 Ne7 17. g3 b5 18. Bd2 Qb6 19. Rf2 a5 20. h3 O-O 21. g4 hxg4 22.
hxg4 Kg7 23. Raf1 Nc6 24. Kg2 b4 25. axb4 axb4 26. Nc1 Ra1 27. Qd1 Rb1 28. Qc2
Ra1 29. b3 bxc3 30. Qxc3 Qxd4 31. Qxd4 Nxd4 32. Bc3 Rxc1 33. Rxc1 Nxb3 34. Rd1
Ndc5 35. Rb2 Rb8 36. Kf3 Ne4 37. Rc2 Nxg5+ 38. Kf4 Ne4 39. Bd4 Nxd4 40. Rxd4
g5+ 41. Ke3 Rb3+ 42. Ke2 Rg3 43. Rc1 Rxg4 44. Rdd1 Rg2+ 45. Kf1 Rf2+ 46. Kg1
Rf5 47. Rf1 Rxf1+ 48. Rxf1 c3 49. Rc1 Kg6 50. Kf1 Kf5 51. Ke2 Kxe5 52. Kd3 f5
 0-1

[Event "FIDE World Youth U16 Chess Olympiad SLOVAKIA 2016"]
[Site "Poprad Tatry SLOVAKIA"]
[Date "2016.07.29"]
[Round "9"]
[Board "1"]
[White "Lee, Qing Aun"]
[Black "Gorodetzky, David"]
[Result "1/2-1/2"]
[WhiteElo "2250"]
[BlackElo "2331"]
[PlyCount "89"]
[EventDate "2016.07.22"]
[EventType "team"]
[EventRounds "9"]
[EventCountry "SVK"]
[WhiteTeam "Singapore"]
[BlackTeam "Israel Rehovot Chess School"]

1. e4 e6 2. d4 d5 3. Nd2 dxe4 4. Nxe4 Nd7 5. Nf3 Ngf6 6. Nxf6+ Nxf6 7. Bd3 c5
8. dxc5 Bxc5 9. O-O Qc7 10. a3 b6 11. b4 Bd6 12. Bb2 Bb7 13. Bb5+ Ke7 14. h3
Rac8 15. Nd4 Rhd8 16. Qe2 Kf8 17. Bd3 Qe7 18. c4 Bb8 19. Nf3 Bxf3 20. Qxf3 Qd6
21. Rfd1 Qh2+ 22. Kf1 Be5 23. Bxe5 Qxe5 24. Rac1 Rd4 25. Qe3 Qxe3 26. fxe3 Rdd8
27. Ke2 Ke7 28. Rd2 Rd7 29. a4 Rdc7 30. Rdc2 Nd7 31. Kd2 a5 32. Rb1 Ra7 33. c5
bxc5 34. bxa5 Rxa5 35. Rb7 Kd6 36. Bb5 Rc7 37. Rxc7 Kxc7 38. Kc3 Nf6 39. Kd3
Kd6 40. Rd2 Ke5 41. Kc4 Ne4 42. Rd7 h5 43. Kb3 Nd6 44. Rc7 Kd5 45. Bc6+ 1/2-1/2

[Event "FIDE World Youth U16 Chess Olympiad SLOVAKIA 2016"]
[Site "Poprad Tatry SLOVAKIA"]
[Date "2016.07.29"]
[Round "9"]
[Board "2"]
[White "Zlatin, Alexander"]
[Black "Woong, Zhi Wei William"]
[Result "1-0"]
[WhiteElo "2146"]
[BlackElo "2008"]
[PlyCount "141"]
[EventDate "2016.07.22"]
[EventType "team"]
[EventRounds "9"]
[EventCountry "SVK"]
[WhiteTeam "Israel Rehovot Chess School"]
[BlackTeam "Singapore"]

1. e4 c5 2. c3 e6 3. d4 d5 4. exd5 exd5 5. Nf3 Nc6 6. Bb5 Bd6 7. O-O Nge7 8.
Nbd2 O-O 9. dxc5 Bxc5 10. Nb3 Bd6 11. Bg5 Bg4 12. Be2 Qd7 13. Nfd4 Bxe2 14.
Qxe2 Rfe8 15. Rad1 Ng6 16. Qf3 h6 17. Be3 Re4 18. g3 Rd8 19. Qf5 Qxf5 20. Nxf5
Bf8 21. Nfd4 Ree8 22. Kg2 Nge5 23. Rfe1 Nc4 24. Bc1 Rxe1 25. Rxe1 N6e5 26. Rd1
a5 27. Na1 Nc6 28. Nac2 g6 29. b3 Nd6 30. f3 Bg7 31. Kf2 Rc8 32. Bb2 Kf8 33.
Rd2 Rd8 34. Ba3 Ke8 35. Bxd6 Rxd6 36. Nb5 Rd7 37. Rxd5 Rxd5 38. Nc7+ Kd7 39.
Nxd5 Kd6 40. Nce3 b5 41. f4 Ne7 42. Nxe7 Kxe7 43. Ke2 Kd6 44. Kd3 f5 45. Nc2
Kc5 46. Nd4 Bf6 47. Nf3 b4 48. c4 g5 49. fxg5 hxg5 50. h4 g4 51. Ng5 Be5 52.
Ne6+ Kd6 53. Nf4 Bf6 54. Ke3 Be5 55. h5 Bg7 56. Nd5 Bh6+ 57. Kf2 Bg7 58. Ne3
Ke6 59. Ke2 Be5 60. Kf2 Bg7 61. Nd5 Kd6 62. Nf4 Bf8 63. c5+ Kc6 64. Ne6 Bh6 65.
Nd4+ Kxc5 66. Nxf5 Bg5 67. Ke2 Kd5 68. Kd3 Bd8 69. Ne3+ Kc5 70. Nxg4 Bc7 71. h6
 1-0

[Event "FIDE World Youth U16 Chess Olympiad SLOVAKIA 2016"]
[Site "Poprad Tatry SLOVAKIA"]
[Date "2016.07.29"]
[Round "9"]
[Board "3"]
[White "Lau, Ende Matthew"]
[Black "Parkhov, Yair"]
[Result "1-0"]
[WhiteElo "1880"]
[BlackElo "2162"]
[PlyCount "105"]
[EventDate "2016.07.22"]
[EventType "team"]
[EventRounds "9"]
[EventCountry "SVK"]
[WhiteTeam "Singapore"]
[BlackTeam "Israel Rehovot Chess School"]

1. e4 e6 2. d4 d5 3. exd5 exd5 4. c4 Nf6 5. Nc3 Be6 6. cxd5 Bxd5 7. Nxd5 Nxd5
8. Nf3 Nd7 9. Bd3 c6 10. O-O Be7 11. Ne5 O-O 12. f4 Bd6 13. Rf3 N7f6 14. Rh3
Qb6 15. Bxh7+ Nxh7 16. Nd7 Qa5 17. Bd2 Nb4 18. Nxf8 Rxf8 19. a3 Nf6 20. axb4
Qb6 21. Be3 Re8 22. Bf2 Bxf4 23. Rf3 Bh6 24. Qa4 a6 25. d5 Be3 26. Rxe3 Rxe3
27. b5 cxb5 28. Qf4 Nxd5 29. Qg5 Qd4 30. Qd8+ Kh7 31. Bxe3 Qxe3+ 32. Kh1 Nf6
33. Qc8 g6 34. Qxb7 Kg7 35. Qf3 Qd4 36. Qc3 Qxc3 37. bxc3 Ne4 38. Rxa6 Nxc3 39.
Rc6 Na4 40. h4 f5 41. Kh2 b4 42. Rc4 Nc3 43. Rxb4 Nd5 44. Rb5 Nf6 45. Kg3 Nh5+
46. Kf3 Kf6 47. Rb6+ Kf7 48. Rb7+ Ke6 49. g4 Nf6 50. Rb6+ Ke5 51. g5 Ne4 52.
Rxg6 f4 53. Re6+ 1-0

[Event "FIDE World Youth U16 Chess Olympiad SLOVAKIA 2016"]
[Site "Poprad Tatry SLOVAKIA"]
[Date "2016.07.29"]
[Round "9"]
[Board "4"]
[White "Gorodetzky, Matan"]
[Black "Chin, Yuen Ling Erica"]
[Result "1-0"]
[WhiteElo "2127"]
[BlackElo "1287"]
[PlyCount "55"]
[EventDate "2016.07.22"]
[EventType "team"]
[EventRounds "9"]
[EventCountry "SVK"]
[WhiteTeam "Israel Rehovot Chess School"]
[BlackTeam "Singapore"]

1. e4 c5 2. c3 Nf6 3. e5 Nd5 4. d4 cxd4 5. cxd4 e6 6. Nf3 d6 7. Bc4 Be7 8. O-O
O-O 9. Bd2 b6 10. Qe2 Bb7 11. Nc3 Nd7 12. Bxd5 Bxd5 13. Nxd5 exd5 14. e6 Nb8
15. Rac1 a5 16. exf7+ Rxf7 17. Qe6 Nd7 18. Qxd5 Rc8 19. Rxc8 Qxc8 20. Rc1 Qd8
21. Qb7 Bf8 22. Ng5 Rf5 23. h4 h6 24. g4 Rb5 25. a4 hxg5 26. axb5 gxh4 27. Rc7
Nf6 28. g5 1-0

[Event "FIDE World Youth U16 Chess Olympiad SLOVAKIA 2016"]
[Site "Poprad Tatry SLOVAKIA"]
[Date "2016.07.29"]
[Round "9"]
[Board "1"]
[White "Roshka, Yevgeniy"]
[Black "Walter, Szymon"]
[Result "1/2-1/2"]
[WhiteElo "2271"]
[BlackElo "2206"]
[PlyCount "78"]
[EventDate "2016.07.22"]
[EventType "team"]
[EventRounds "9"]
[EventCountry "SVK"]
[WhiteTeam "Ukraine"]
[BlackTeam "Poland 1"]

1. d4 Nf6 2. c4 g6 3. Nc3 d5 4. Nf3 Bg7 5. Bg5 Ne4 6. cxd5 Nxg5 7. Nxg5 e6 8.
Nf3 exd5 9. e3 O-O 10. Bd3 c5 11. dxc5 Bxc3+ 12. bxc3 Qa5 13. O-O Qxc5 14. Qd2
Nc6 15. Rab1 a6 16. h4 b5 17. h5 Bd7 18. hxg6 hxg6 19. Qb2 Rac8 20. Rfc1 Rc7
21. g3 Rfc8 22. Kg2 Bg4 23. Nd4 Ne5 24. Qd2 Qa3 25. Rb3 Qa5 26. f3 Bd7 27. g4
Rc5 28. g5 Qd8 29. f4 Nxd3 30. Qxd3 Qe7 31. Kf2 Rc4 32. a3 Ra4 33. Ra1 Rac4 34.
Rh1 Qc5 35. Rc1 a5 36. Ne2 Bg4 37. Nd4 Bd7 38. Ne2 Bg4 39. Nd4 Bd7 1/2-1/2

[Event "FIDE World Youth U16 Chess Olympiad SLOVAKIA 2016"]
[Site "Poprad Tatry SLOVAKIA"]
[Date "2016.07.29"]
[Round "9"]
[Board "2"]
[White "Garbowski, Jakub"]
[Black "Yurovskich, Oleksandr"]
[Result "1/2-1/2"]
[WhiteElo "2102"]
[BlackElo "2167"]
[PlyCount "158"]
[EventDate "2016.07.22"]
[EventType "team"]
[EventRounds "9"]
[EventCountry "SVK"]
[WhiteTeam "Poland 1"]
[BlackTeam "Ukraine"]

1. e4 c5 2. Nf3 Nc6 3. d4 cxd4 4. Nxd4 g6 5. c4 Nf6 6. Nc3 d6 7. Be2 Nxd4 8.
Qxd4 Bg7 9. Be3 O-O 10. Qd2 Be6 11. Rc1 a6 12. O-O Qa5 13. f3 Rfc8 14. b3 b5
15. Nd5 Qxd2 16. Bxd2 Bxd5 17. cxd5 Nd7 18. Be3 Bb2 19. Rcd1 Ba3 20. Bd3 Bc5
21. Kf2 b4 22. Rc1 Bxe3+ 23. Kxe3 Rc5 24. Rxc5 Nxc5 25. Rb1 a5 26. Bb5 g5 27.
g3 f6 28. Kd4 Rc8 29. Bc6 e5+ 30. Kc4 Rb8 31. g4 Kg7 32. Re1 h5 33. h3 h4 34.
Re2 Kf7 35. Rd2 Ke7 36. Re2 Kd8 37. Rf2 Kc7 38. Rd2 Kb6 39. Bb5 Rc8 40. Bc6 Nd7
41. Kd3 Nf8 42. Ke3 Ng6 43. Rh2 Rc7 44. Rc2 Ne7 45. Kd3 Nc8 46. Rc4 Ka7 47. Rc2
Ne7 48. Be8 Rb7 49. Bc6 Rb8 50. Ke3 Kb6 51. Rc4 Rc8 52. Rc2 Rc7 53. Kd3 Ng6 54.
Ke3 Nf4 55. Rh2 a4 56. bxa4 Ka5 57. Kd2 Ne6 58. dxe6 Rxc6 59. Rh1 Rc7 60. Rc1
Re7 61. Rc6 Rxe6 62. Kd3 Kxa4 63. Kc4 Ka5 64. Kd5 Re8 65. Rxd6 Kb5 66. Rd7 Kb6
67. Kc4 Ra8 68. Kxb4 Rxa2 69. Rd6+ Kc7 70. Rxf6 Rh2 71. Rf5 Rxh3 72. Rxg5 Rxf3
73. Rxe5 Rf4 74. Kc5 Rxg4 75. Kd5 Kd7 76. Rh5 Ke7 77. Ke5 Rg6 78. Rh7+ Ke8 79.
Rxh4 Ra6 1/2-1/2

[Event "FIDE World Youth U16 Chess Olympiad SLOVAKIA 2016"]
[Site "Poprad Tatry SLOVAKIA"]
[Date "2016.07.29"]
[Round "9"]
[Board "3"]
[White "Levitskiy, Andrey"]
[Black "Szmer, Aleksander"]
[Result "1-0"]
[WhiteElo "2074"]
[BlackElo "1808"]
[PlyCount "77"]
[EventDate "2016.07.22"]
[EventType "team"]
[EventRounds "9"]
[EventCountry "SVK"]
[WhiteTeam "Ukraine"]
[BlackTeam "Poland 1"]

1. d4 Nf6 2. Nc3 c5 3. d5 d6 4. e4 g6 5. f4 Bg7 6. Bb5+ Nfd7 7. a4 O-O 8. Nf3
Qc7 9. O-O Nf6 10. h3 Bd7 11. Be2 Na6 12. Nd2 e6 13. dxe6 Bxe6 14. f5 Bd7 15.
Nc4 d5 16. Bf4 Qd8 17. e5 dxc4 18. exf6 Bxf6 19. fxg6 hxg6 20. Bxc4 Bc6 21. Qd6
Bd4+ 22. Kh2 Kg7 23. Rad1 f5 24. Nb5 Bf6 25. c3 Qxd6 26. Rxd6 g5 27. Bg3 f4 28.
Bf2 f3 29. g3 Rae8 30. Rd2 Re4 31. b3 g4 32. Nd6 Rh8 33. Nxe4 Rxh3+ 34. Kg1
Bxe4 35. Rd7+ Kg6 36. Be6 Kh5 37. Re1 Bg6 38. Rd5+ Bg5 39. Ree5 1-0

[Event "FIDE World Youth U16 Chess Olympiad SLOVAKIA 2016"]
[Site "Poprad Tatry SLOVAKIA"]
[Date "2016.07.29"]
[Round "9"]
[Board "4"]
[White "Krzysztynska, Anna"]
[Black "Krasnokutskaya, Sofiya"]
[Result "0-1"]
[WhiteElo "1630"]
[BlackElo "2138"]
[PlyCount "180"]
[EventDate "2016.07.22"]
[EventType "team"]
[EventRounds "9"]
[EventCountry "SVK"]
[WhiteTeam "Poland 1"]
[BlackTeam "Ukraine"]

1. e4 c5 2. c3 Nf6 3. e5 Nd5 4. Nf3 d6 5. d4 cxd4 6. cxd4 Nc6 7. a3 e6 8. Bd3
Qa5+ 9. Bd2 Qb6 10. Nc3 Nxd4 11. Nxd5 Nxf3+ 12. Qxf3 exd5 13. Qxd5 a6 14. Bc3
Be6 15. Qf3 d5 16. Qf4 Be7 17. O-O O-O 18. b4 Rac8 19. Bd4 Qc6 20. Qe3 f6 21.
Rac1 Qd7 22. Rxc8 Qxc8 23. Re1 f5 24. f4 Qd7 25. Rc1 Rc8 26. Rxc8+ Qxc8 27. Kf2
Kf7 28. Qe2 Qc1 29. Qh5+ Kf8 30. Be3 Qb2+ 31. Qe2 Qxa3 32. Qc2 d4 33. Bxd4 Qxb4
34. Be3 g6 35. Be2 a5 36. Bd1 Qc4 37. Qxc4 Bxc4 38. Bb6 Bb4 39. Ke3 Bd5 40. g3
Ke7 41. Kd4 Ke6 42. Ba4 Bc6 43. Bb3+ Ke7 44. Bc5+ Bxc5+ 45. Kxc5 a4 46. Ba2 Bd7
47. Kb4 Bc6 48. Kc5 Bd7 49. Kb4 b5 50. Bd5 Be6 51. Bc6 Bc4 52. Bf3 Ke6 53. Ka3
Bd5 54. Be2 Bc6 55. Kb4 Bd7 56. Bf3 Be8 57. Kc5 Ke7 58. Kb4 Bd7 59. Bd5 Be6 60.
Bf3 Bc4 61. Bd1 Bd3 62. Bf3 Ke6 63. Kc5 Be4 64. Bd1 Bd3 65. Bf3 Bc4 66. Kb4 Kd7
67. Bd1 Bf1 68. Bf3 h6 69. Bd5 Ke7 70. h4 Be2 71. Ba2 Bd3 72. Bd5 Be4 73. Ba2
Bc6 74. Kc5 Be8 75. Bd5 Bf7 76. Bxf7 Kxf7 77. Kb4 Ke6 78. Ka3 Kd5 79. Kb4 h5
80. Ka3 Kc5 81. Kb2 b4 82. Kc2 b3+ 83. Kb2 Kb4 84. e6 a3+ 85. Kb1 Kc3 86. e7
a2+ 87. Ka1 Kc2 88. e8=Q b2+ 89. Kxa2 b1=Q+ 90. Ka3 Qb3# 0-1

[Event "FIDE World Youth U16 Chess Olympiad SLOVAKIA 2016"]
[Site "Poprad Tatry SLOVAKIA"]
[Date "2016.07.29"]
[Round "9"]
[Board "1"]
[White "Kilic, Efe Mert"]
[Black "Antova, Gabriela"]
[Result "0-1"]
[WhiteElo "2131"]
[BlackElo "2292"]
[PlyCount "126"]
[EventDate "2016.07.22"]
[EventType "team"]
[EventRounds "9"]
[EventCountry "SVK"]
[WhiteTeam "Turkey"]
[BlackTeam "Bulgaria"]

1. e4 c5 2. Nf3 d6 3. d4 cxd4 4. Nxd4 Nf6 5. Nc3 a6 6. Bc4 e6 7. Bb3 Nbd7 8. f4
Qc7 9. f5 Nc5 10. O-O e5 11. Nde2 Ncxe4 12. Qd3 Nc5 13. Qf3 Nxb3 14. axb3 Bd7
15. Bg5 Bc6 16. Qg3 Be7 17. Rad1 Rd8 18. Kh1 h6 19. Be3 Kf8 20. h3 b5 21. b4
Bb7 22. Qf2 Qc6 23. Nc1 d5 24. Bb6 Rc8 25. Nd3 d4 26. Nxe5 Qxb6 27. Rxd4 Qc7
28. Re1 Bd6 29. Qf4 Bxe5 30. Qxe5 Qxe5 31. Rxe5 h5 32. Ne2 Re8 33. Rxe8+ Kxe8
34. Kg1 Ke7 35. Rd3 Be4 36. Re3 Kd6 37. Nd4 Ke5 38. c3 Rc8 39. Kf2 Kd5 40. Kg3
Re8 41. Re1 Bd3 42. Ra1 Ra8 43. Re1 Ne4+ 44. Kf4 Re8 45. Ra1 g5+ 46. fxg6 fxg6
47. h4 Nd6 48. Rxa6 Re4+ 49. Kf3 Rxh4 50. Rc6 Be4+ 51. Kf2 Ke5 52. Rc5+ Kf6 53.
Nxb5 Nxb5 54. Rxb5 Rh2 55. Ke3 Bxg2 56. Kf4 Rh4+ 57. Ke3 Rg4 58. Rb8 h4 59. Kf2
h3 60. Kg1 Re4 61. b5 Re1+ 62. Kh2 Kg5 63. Rd8 Kg4 0-1